Statistics for Countries By Meridian Age

Click here to take the quiz!

General Stats

  • This quiz has been taken 13 times
  • The average score is 5 of 10

Answer Stats

Meridian Age(Years)Answer% Correct
47.3Japan
85%
45.5Italy
69%
47.1Germany
62%
53.1Monaco
54%
44.5Greece
54%
44.4San Marino
54%
44.5Slovenia
46%
44.3Andorra
46%
44.0Austria
46%
43.7Lithuania
23%

Score Distribution

Percentile by Number Answered

Percent of People with Each Score

Your Score History

You have not taken this quiz